Sześć najbliższych krajów - Antigua i Barbuda - Statystyki

Ogólne statystyki
  • Ten quiz został rozwiązany 30 razy
  • Średni wynik to 3 z 6
Statystyki odpowiedzi
km kraj % Poprawnych
68 Saint Kitts i Nevis
61%
333 Saint Lucia
61%
409 Saint Vincent i Grenadyny
57%
154 Dominika
48%
500 Grenada
39%
467 Barbados
35%
Nie znaleziono quizów pasujących do podanych kryteriów
Rozkład punktacji
Procent ludzi z każdym wynikiem
Percentyl według liczby udzielonych odpowiedzi
Twoja historia wyników
Nie rozwiązałeś tego quizu